00622 2200217 4500001002100000005001700021008004100038035002400079082001100103090002300114100002200137245007800159250001100237260003100248300002500279500003100304650001000335850001600345999002100361999002200382YOGYA-0209000006878120090227093138.0 ind  0010-020900000068781 a663.92 a663.92bSpi KlDEP aSPILLANE, James J aKomoditi kakao peranannya dalam perekonomian IndonesiacJames J. Spillane aCet. 1 aYogyakartabKanisiusc1995 a377 hlmbilusc21 cm aBibliografi : hlm. 352-372 aKakao aYOPDYOG (M) a1995-057 CB-D.11 a1995-642h CB-D.11